[Event "7th RTU Open 2017"]
[Site "Riga"]
[Date "2017.08.08"]
[Round "2.18"]
[White "Kunin, Vitaly"]
[Black "Krykun, Yuriy"]
[Result "1-0"]
[WhiteElo "2551"]
[BlackElo "2350"]
[Annotator "TA"]
[PlyCount "96"]
[EventDate "2017.??.??"]
[EventType "swiss"]
[EventCountry "LAT"]
[SourceTitle "playchess.com"]
[Source "ChessBase"]
[SourceQuality "1"]

{[%evp 18,96,-44,-30,-37,-41,-44,-54,-17,-24,20,10,25,17,19,14,35,37,29,35,57,57,55,16,75,22,36,0,81,0,24,22,20,20,95,132,326,328,467,467,457,462,458,455,457,453,456,452,443,447,447,439,412,424,411,402,462,435,426,404,403,400,467,422,408,405,495,508,506,491,450,352,497,482,478,469,1260,1239,29996,29996,29999]} 1. d4 Nf6 2. Nf3 g6 3. Bg5 Bg7 4. Nbd2 O-O 5. e4 d5 6. e5 Ne4 7. Be3 c5 {A48: 1 d4 Nf6 2 Nf3 g6: Torre, London and Colle Systems} 8. c3 Nc6 9. Be2 cxd4 10. cxd4 {LiveBook: 5 Games} f6 11. exf6 exf6 12. O-O Bg4 (12... f5 {looks sharper.} 13. Nb3 a5 14. Rc1 g5 15. h3 f4) 13. h3 {[#]} Nxd2 $146 (13... Bxf3 {seems wilder.} 14. Nxf3 f5 15. Qd3 Rc8 16. Rad1 Re8) ({Find the theoretical novelty and annotate with similar games:} 13... Bxf3 14. Nxf3 f5 15. Bb5 {0-1 (50) Zupe,M (2323)-Jankovic,A (2535) Ljubljana 2012}) 14. Qxd2 Bf5 15. Rac1 Rc8 16. Rc5 b6 17. Rc3 {Strongly threatening Ba6.} Ne7 18. Rfc1 Qd7 19. Ba6 Rxc3 20. Rxc3 Qa4 (20... g5 $11 {keeps the balance.}) 21. Ra3 (21. Qe2 $16) 21... Qd7 $11 22. Rc3 Qa4 {[#]} 23. Ra3 (23. Qe2 $1 $16) 23... Qd7 24. Qe2 Qd6 25. Rc3 Bc8 (25... Re8 $11) 26. Bxc8 $16 Rxc8 $2 {[#]} (26... Nxc8 $16 27. b3 Re8) 27. Bf4 $1 $18 {[%cal Rf4d6][%mdl 512]} Qxf4 (27... Qd7 $142 28. Qxe7 Qxe7 29. Rxc8+ Bf8) 28. Qe6+ ({Weaker is} 28. Qxe7 Rxc3 29. Qe6+ (29. bxc3 Bf8 $11) 29... Kf8 $14) 28... Kf8 29. Rxc8+ Nxc8 30. Qxc8+ Ke7 31. Qb7+ Kf8 32. Qa8+ Ke7 33. Qxa7+ Kf8 34. Qa8+ Ke7 35. Qb7+ Kf8 36. Qxb6 Qc1+ 37. Kh2 Qf4+ 38. Kh1 Qc1+ 39. Ng1 f5 40. Qd8+ Kf7 41. Qxd5+ Ke7 42. Qb7+ Kf8 43. Qb4+ Kf7 44. b3 Qb2 (44... Qa1 {is a better defense.} 45. d5 Bd4) 45. Qc4+ Kf8 46. Nf3 Qxf2 (46... Bh6 $142 47. Qc8+ Kg7 48. Qb7+ Kg8 49. Qd5+ Kg7 50. Qe5+ Kg8 51. Qd5+ Kg7 52. Qb7+ Kh8 53. Qb8+ Kg7 54. Qe5+ Kg8 55. Qd5+) 47. Qc8+ Kf7 48. Ng5+ Kf6 {Precision: White = 76%, Black = 33%.} 1-0

[Event "7th RTU Open 2017"]
[Site "Riga"]
[Date "2017.08.08"]
[Round "2.20"]
[White "Sanal, Vahap"]
[Black "Tomilova, Elena"]
[Result "1-0"]
[WhiteElo "2539"]
[BlackElo "2346"]
[Annotator "TA"]
[PlyCount "123"]
[EventDate "2017.??.??"]
[EventType "swiss"]
[EventCountry "LAT"]
[SourceTitle "playchess.com"]
[Source "ChessBase"]
[SourceQuality "1"]

{[%evp 18,123,31,33,62,15,8,12,21,15,8,3,4,3,9,16,12,13,35,44,37,39,48,37,128,116,129,118,233,189,186,191,190,187,184,188,160,160,193,21,20,23,34,0,75,60,63,20,25,0,10,0,8,0,12,12,12,0,8,8,8,8,8,0,0,0,0,0,55,0,55,55,55,55,55,55,55,55,55,55,12835,12836,12842,12837,12837,12837,12838,12838,12839,12839,12839,12840,12840,12841,12841,12841,12842,12842,12843,12843,12843,12844,12844,12845,12846,12846,12850,12850]} 1. e4 d5 2. exd5 Qxd5 3. Nc3 Qd6 4. d4 Nf6 5. Nf3 g6 (5... c6 6. Ne5 Nbd7 7. Nc4 Qc7 8. a4 Nd5 9. Bd3 g6 10. Qf3 N7f6 11. Nxd5 Nxd5 12. O-O Bg7 13. c3 O-O 14. Qg3 Qxg3 15. hxg3 {½-½ (28) Caruana,F (2808)-Carlsen,M (2857) Baku 2016}) 6. Nb5 {B01: Scandinavian Defence} Qb6 7. c4 c6 8. Nc3 Bg7 9. Be2 O-O 10. O-O {LiveBook: 24 Games} Bg4 11. h3 Bxf3 $1 12. Bxf3 Rd8 13. Qb3 {[#]} Qxb3 $146 14. axb3 Rxd4 15. Be3 Rd8 16. Rxa7 Rxa7 17. Bxa7 Nfd7 18. Rd1 {Bxb8 is the strong threat.} Re8 19. b4 {[%cal Bb3b4,Bb4b5][%mdl 32]} f5 20. b5 Nf8 (20... Ne5 $14) 21. Na4 $1 $16 Ne6 22. b4 $36 {[%mdl 2048] Black is under strong pressure.} Ng5 (22... Kf7 $16 23. Nc5 Nxc5 24. Bxc5 (24. bxc5 e5 $11) 24... Rc8) 23. Nc5 Nxf3+ 24. gxf3 cxb5 25. cxb5 Bc3 26. Nxb7 Bxb4 27. Rd4 Bc3 28. Rd8 $2 ({Better is} 28. Rc4 $18 Bb2 29. Na5) 28... Rxd8 $11 29. Nxd8 {[%mdl 4096] Endgame KBN-KBN} Nd7 30. Nc6 Ne5 {[#]} (30... Kf7 $11) 31. f4 $1 $16 {[%cal Rf4e5]} Nc4 $1 32. Nxe7+ Kf7 33. Nd5 Ba5 34. Bc5 {Strongly threatening b6.} (34. b6 $5 {[%cal Rb6b7]} Nd6 35. Kg2 $11) 34... Ke6 35. Ne3 Bb6 36. Nxc4 Bxc5 $11 {KB-KN} 37. Kg2 Kd5 38. Ne5 Bd4 39. Kg3 g5 {[%cal Bg6g5,Bg5f4][%mdl 32]} 40. Nf7 gxf4+ 41. Kf3 Bb6 42. h4 {[%cal Bh3h4,Bh4h5][%mdl 32]} (42. Ng5 $5 {[%cal Rg5h7]} h6 43. Nh7 $14 (43. Nf7 Ke6 $11)) 42... Bc7 (42... h5 $11) 43. Ng5 (43. h5 $1 $14 h6 44. Nh8 (44. Nxh6 Ke6 $11)) 43... h6 ({Black should play} 43... h5 $11) 44. Nh3 $1 $14 Kc5 45. Nxf4 {Black must now prevent Ne6+.} Kxb5 46. Nd5 Bd8 47. h5 $1 {Threatens to win with Ne3.} Bg5 48. Ne3 f4 $2 {[%mdl 8192]} (48... Kc5 $14) 49. Nd5 $18 {White is clearly winning.} Kc5 50. Nxf4 Kd6 {[#]} 51. Ke4 $1 {[%cal Re4f5]} Ke7 52. Kf5 Kf7 53. Ng6 Bd2 54. Ne5+ Kg7 55. Ke6 Bc1 56. Ng6 Bb2 57. f4 {[%cal Bf2f4,Bf4f5,Bf5f6][%mdl 32]} Bc3 58. f5 Bb2 59. Nf4 Bf6 60. Nd5 Bg5 61. f6+ Kf8 62. Ne7 {Precision: White = 63%, Black = 46%.} 1-0

[Event "7th RTU Open 2017"]
[Site "Riga"]
[Date "2017.08.08"]
[Round "2.22"]
[White "Zakhartsov, Viacheslav V"]
[Black "Zatonskih, Anna"]
[Result "1-0"]
[WhiteElo "2539"]
[BlackElo "2424"]
[Annotator "TA"]
[PlyCount "91"]
[EventDate "2017.??.??"]
[EventType "swiss"]
[EventCountry "LAT"]
[SourceTitle "playchess.com"]
[Source "ChessBase"]
[SourceQuality "1"]

{[%evp 28,91,25,0,0,0,0,-8,3,0,32,4,2,11,12,0,16,-8,98,62,68,77,130,102,93,96,97,102,106,80,79,79,79,71,67,77,94,67,127,98,170,152,217,241,423,432,439,432,416,402,402,406,389,345,316,317,762,759,793,540,993,868,2222,2014,5289,5289]} 1. d4 d5 2. c4 e6 3. Nc3 Be7 4. Nf3 Nf6 5. Bg5 O-O 6. e3 h6 7. Bh4 b6 8. Be2 Bb7 9. Bxf6 Bxf6 10. cxd5 exd5 11. O-O Re8 12. b4 c6 13. Qb3 Qd6 14. Rfe1 {D58: Queen's Gambit Declined: Tartakower Defence} Nd7 15. Rad1 {LiveBook: 3 Games} a5 16. bxa5 {The position is equal.} Rxa5 17. a4 Be7 18. Rb1 Ba6 19. Bxa6 Rxa6 20. e4 dxe4 $1 {[#]} 21. Rxe4 $146 ({Find the theoretical novelty and annotate with similar games:} 21. Nxe4 Qg6 {1-0 (41) Karpov,A (2715)-Boensch,U (2490) Baden-Baden 1992}) 21... Nf6 22. Ne5 Rf8 (22... Qe6 $1 $11 23. Qxe6 fxe6) 23. Re2 $36 {[%mdl 2048] White is more active.} Bd8 24. Qc4 Ra7 (24... b5 $142 25. axb5 cxb5 26. Nxb5 Qe6) 25. Rc2 ({Much weaker is} 25. Nxc6 $6 Rc7 $14) 25... Rc7 26. Rxb6 Nd7 27. Nxd7 Qxd7 28. Ne2 {[%cal Rb6c6]} Re8 29. Kf1 Re6 30. g3 Rc8 31. Rb3 Rd6 32. Kg2 Bf6 (32... Ra8 $14) 33. Rb4 Rd8 {[#]} (33... Ra8 $16) 34. a5 $1 $18 {[%cal Ba4a5,Ba5a6,Ba6b7][%mdl 32]} Qa7 {[#]} (34... h5 $16) 35. a6 $1 R8d7 $2 (35... R6d7 {was worth a try.} 36. f3 (36. Qxc6 Rd6 $16) 36... Be7) 36. Rcb2 c5 37. Rb7 ({But not} 37. Rb8+ Kh7 $18) 37... Rxb7 38. axb7 Rb6 39. Rxb6 Qxb6 40. dxc5 Qc6+ 41. Kg1 Be5 $2 (41... Qxb7 42. c6 Qc8) 42. Qb4 {White is clearly winning.} Bb8 43. Nc3 Kf8 44. Qb5 Qc7 45. c6 Qd6 46. Nd5 {Precision: White = 75%, Black = 28%.} 1-0

[Event "7th RTU Open 2017"]
[Site "Riga"]
[Date "2017.08.08"]
[Round "2.26"]
[White "Ladva, Ottomar"]
[Black "Payen, Arnaud"]
[Result "1-0"]
[WhiteElo "2532"]
[BlackElo "2337"]
[Annotator "TA"]
[PlyCount "119"]
[EventDate "2017.??.??"]
[EventType "swiss"]
[EventCountry "LAT"]
[SourceTitle "playchess.com"]
[Source "ChessBase"]
[SourceQuality "1"]

{[%evp 24,119,13,17,20,0,-2,-4,13,13,13,13,13,14,8,8,16,4,10,8,14,10,20,0,17,18,11,18,80,76,66,64,66,66,98,95,103,98,104,82,131,112,118,122,134,140,156,146,154,102,234,189,329,269,308,267,356,351,408,399,590,637,640,570,954,951,892,869,945,941,2400,2374,1809,953,1201,1201,1154,1201,1103,1096,1096,1089,984,983,837,788,653,653,653,649,29951,8322,5114,5106,29984,29985,29971,29967]} 1. Nf3 e6 2. g3 f5 3. Bg2 Nf6 4. O-O d5 5. d4 Bd6 6. b3 Qe7 7. Bb2 c6 8. c4 b6 9. Ne5 Bb7 10. Nd2 {[%cal Bb1d2,Bd2f3,Bf3d4][%mdl 32]} O-O 11. Rc1 a5 12. Ndf3 Na6 {[%cal Bb8a6,Ba6c5,Bc5e4][%mdl 32] A90: Dutch Defence: Miscellaneous and Modern Stonewall (with ...Bd6)} 13. Nd3 {LiveBook: 18 Games} Rfd8 {[#]} 14. Qc2 $146 ({Predecessor:} 14. Nfe5 Rac8 15. e3 Ne4 16. f3 Nf6 17. g4 c5 18. g5 Nd7 19. f4 Bxe5 20. fxe5 Qxg5 {0-1 (52) Fridman,D (2628)-Nikolic,P (2646) Germany 2007}) 14... c5 {The position is equal.} 15. dxc5 Nxc5 16. Nd4 Rac8 17. Nb5 Nce4 18. Nxd6 Nxd6 19. Ne5 dxc4 20. Bxb7 Nxb7 21. bxc4 b5 22. Rfd1 Nd7 23. Qc3 (23. Rxd7 {feels hotter.} Rxd7 24. Nxd7 Qxd7 25. Qd3 Qxd3 26. exd3 b4 27. Kf1) 23... Nxe5 (23... b4 $5 {[%cal Rb4c3]} 24. Qb3 Nbc5 $11) 24. Rxd8+ Nxd8 25. Qxe5 bxc4 (25... Rc5 $1 $11 {remains equal.} 26. Qf4 b4) 26. Qxa5 $16 Nf7 27. Qa6 Qd7 $1 28. a4 Qc6 29. Qxc6 Rxc6 {[%mdl 4096] Endgame KRB-KRN} 30. f3 Nd6 31. Be5 Nf7 32. Bc3 Nd6 33. Kf2 Kf7 34. Ke3 Nb7 35. Bb4 e5 36. Kd2 (36. a5 $142) 36... g5 (36... Nd8 $16) 37. Kc3 Rh6 (37... Ke6 $142 38. Ra1 Nd6) 38. Rc2 Rxh2 39. Kxc4 Ke6 40. Kb5 e4 41. fxe4 f4 (41... Nd6+ $142 42. Kb6 Nxe4) 42. gxf4 $18 gxf4 43. Kb6 Nd8 44. Rd2 Nf7 45. a5 Ne5 46. a6 Nc4+ 47. Kb5 Nxd2 48. a7 Nxe4 49. a8=Q Rxe2 50. Qe8+ Kf6 51. Be7+ Ke5 52. Qh5+ Kd4 53. Bc5+ Kd3 54. Qf3+ Re3 55. Qf1+ Re2 56. Ba7 Nc3+ 57. Kb4 Kc2 58. Bd4 Na2+ 59. Kc4 Nc1 60. Qxf4 {Precision: White = 87%, Black = 30%.} 1-0

[Event "7th RTU Open 2017"]
[Site "Riga"]
[Date "2017.08.08"]
[Round "2.29"]
[White "Rahul Srivatshav P"]
[Black "Ali Marandi, Cemil Can"]
[Result "1-0"]
[WhiteElo "2321"]
[BlackElo "2526"]
[Annotator "TA"]
[PlyCount "119"]
[EventDate "2017.??.??"]
[EventType "swiss"]
[EventCountry "LAT"]
[SourceTitle "playchess.com"]
[Source "ChessBase"]
[SourceQuality "1"]

{[%evp 11,119,31,39,45,45,44,41,0,16,13,91,85,63,-6,0,-45,13,-7,15,-2,0,0,0,0,0,-27,-4,-123,-67,-68,169,189,191,200,196,181,313,292,364,298,318,260,307,298,306,200,296,269,297,295,292,275,396,392,428,420,467,470,448,438,408,302,306,285,285,283,331,327,350,342,341,323,456,454,498,444,467,471,472,462,458,454,524,526,533,526,556,541,633,639,636,652,681,682,667,655,897,883,797,792,962,944,1660,1445,1993,1981,1884,1833,1779,1762]} 1. d4 f5 2. Nc3 Nf6 3. Bg5 d5 4. f3 e6 5. e4 Be7 6. exf5 {A80: Dutch Defence: Unusual White second moves} (6. Qd2 O-O 7. O-O-O h6 8. Be3 fxe4 9. fxe4 Bb4 10. Bd3 dxe4 11. Bc4 Nc6 12. a3 Bxc3 13. Qxc3 {0-1 (32) Schenk,A (2491)-Pruijssers,R (2511) Germany 2015}) 6... exf5 {LiveBook: 4 Games} 7. Qd2 O-O 8. Nh3 {White is slightly better.} c6 9. Be2 h6 10. Be3 $146 ({Find the theoretical novelty and annotate with similar games:} 10. Bf4 b5 11. Nf2 Nh5 12. Bxb8 Rxb8 {1-0 (52) Vatter,H (2328)-Ritscher,J (2316) Halle 2010}) 10... Be6 (10... Bd6 $11) 11. Nf4 $16 Bf7 12. Nd3 (12. Bd3 $1 $14) 12... Nbd7 $11 13. Nd1 a5 ({Black should try} 13... Re8 $15) 14. N1f2 Ne8 15. a4 Nd6 {Hoping for ...Nc4.} 16. b3 Bf6 17. O-O Re8 {Strongly threatening ...Qe7.} 18. Rfe1 g5 {next ...f4 is good for Black.} (18... c5 $5 19. Bf4 Bxd4 $15) 19. Nd1 {[#]} (19. c3 $11) 19... f4 (19... c5 $1 $17 {[%mdl 512]} 20. Nxc5 Nxc5 21. dxc5 Bxa1 22. cxd6 Qxd6) 20. Bf2 $15 Ne4 $2 (20... Bg7 $15 {stays ahead.}) 21. fxe4 $18 dxe4 22. Nxf4 $1 gxf4 23. Qxf4 c5 (23... Bg5 $142 24. Qg3 Qb8) 24. Bb5 (24. Qxh6 Bg7 $16) 24... Bg5 25. Qf5 Re6 26. Rxe4 Rxe4 27. Qxe4 Nf6 28. Qd3 Nd5 (28... Ng4 $142 29. Bc4 (29. dxc5 Qxd3 30. Bxd3 Bf6 $16) 29... Qf6) 29. Bc4 Qf6 30. Bxd5 Bxd5 31. Nc3 ({Much less strong is} 31. dxc5 $6 Qxa1 32. Qxd5+ Kf8 $16) 31... Bc6 (31... Bf7 {might work better.} 32. Ne4 (32. dxc5 Bg6 $16) 32... Qf5 33. dxc5 Rd8) 32. Rf1 Qg7 33. Qc4+ Kh8 34. d5 Bd7 35. Bxc5 {And now Bd4 would win.} Rc8 {Threatens to win with ...Be3+.} 36. Qd4 Qxd4+ 37. Bxd4+ Kg8 38. Rf2 Re8 39. Kf1 Bg4 {If only Black now had time for ...Bh4....} 40. h3 Bh5 41. d6 Bh4 {[#]} (41... Re6 $142 42. Bc5 Be8) 42. g3 $1 {White is clearly winning.} Bd8 (42... Bxg3 43. d7) 43. Bf6 Bf7 44. Bxd8 Rxd8 {[%mdl 4096] Endgame KRB-KRN} 45. Nb5 Be8 46. Rd2 Bd7 47. g4 Kg7 48. Kf2 Kf6 49. Kg3 Ke5 50. c4 {[%cal Bc2c4,Bc4c5][%mdl 32]} Ke4 51. c5 Rc8 52. Nc7 Ke3 53. Rd1 Rf8 54. Nd5+ Ke2 55. Rd4 h5 56. Nb6 Rf3+ 57. Kh4 hxg4 58. hxg4 Bc6 59. d7 Bxd7 60. Rxd7 {Precision: White = 69%, Black = 30%.} 1-0